MARC

LEADER 00000nam0a2200000 4500
001 322117
005 20231102003437.0
035 |a (RuTPU)RU\TPU\book\347673 
090 |a 322117 
100 |a 20160916d1938 km y0rusy50 ca 
101 0 |a rus 
102 |a RU 
105 |a ac z 001zy 
200 1 |a Ленинградская Государственная Консерватория  |e 1862-1937  |f Ю. Кремлев  |g под ред. Б. И. Загурского 
210 |a Москва  |c Музгиз  |d 1938 
215 |a 179 с.  |c ил. 
320 |a Библиогр.: с. 157-178 
606 1 |a Музыка  |2 stltpush  |3 (RuTPU)RU\TPU\subj\73462  |9 86458 
610 1 |a музыкальная деятельность 
610 1 |a музыкальная культура 
610 1 |a музыкальное образование 
610 1 |a учебные учреждения 
610 1 |a консерватории 
610 1 |a Ленинград 
675 |a 78  |v 4 
700 1 |a Кремлев  |b Ю. 
702 1 |a Загурский  |b Б. И.  |4 340 
801 1 |a RU  |b 63413507  |c 20160916 
801 2 |a RU  |b 63413507  |c 20200724  |g RCR 
942 |c BK